| 000 | 00777nam a2200241 a 4500 | ||
|---|---|---|---|
| 001 | 4708 | ||
| 003 | CDMR | ||
| 005 | 20131212100240.0 | ||
| 008 | 130130s2011||||||||||||||||||||||||||||d | ||
| 020 | _a9788497883054 | ||
| 040 |
_aCDMR _bcat _cCDMR |
||
| 100 | 1 |
_9904 _aNiqui, Cinto |
|
| 245 | 1 | 3 |
_aLa comunicación es vida _b: reflexiones eclécticas sobre TICs y contenidos audiovisuales _cCinto Niqui ; [prólogo de Lluís Pastor] |
| 260 |
_aBarcelona _bUOC _c2011 |
||
| 300 | _a316 p. | ||
| 490 | 0 |
_aComunicación (UOC) _v191 |
|
| 650 | 0 | 4 |
_91243 _aComunicació _xInnovacions tecnològiques |
| 650 | 0 | 4 |
_92084 _aComunicació audiovisual |
| 650 | 0 | 4 |
_94072 _aHistòria social |
| 650 | 0 | 4 |
_94353 _aComunicació _xFilosofia |
| 700 | 1 |
_93299 _aPastor, Lluís _epr. |
|
| 942 |
_cMON _2udc |
||
| 999 |
_c4708 _d4708 |
||